000 00536 a2200169 4500
003 NUST
005 20221117132409.0
020 _a052670454
040 _cNust
082 _a515,KIN
100 _aKing, A.C.
_9102859
245 _aDifferential equations :
_bLinear, nonlinear ordinary partial /
_cA.C. King , J. Billingham
260 _aCambridge
_bCambridge Press
_c2003
300 _a541 p.:
505 _aPart-1: Linear Equations (Page-1), Part-2: Nonlinear Equations and Advanced Techniques (Page-201).
942 _2ddc
_cBK
_k515,KIN
999 _c180936
_d180936